000 00612nam a22002411 4500
001 294100
005 20180316044150.0
008 700427s1968 enk b 000 0 eng
010 _a 70369738
015 _aB68-10811
020 _a0713153954
040 _aDLC
_cDLC
_dDLC
041 _aeng
080 _a823.91409 RAB
082 0 0 _a823.91409 RAB
100 1 _a21
101 _aGJL
245 1 4 _aThe technique of modern fiction:
350 _a25/-
504 _aBibliography: p. 192-199.
906 _a7
_bcbc
_corignew
_du
_encip
_f19
_gy-gencatlg
942 _2ddc
_cBK
999 _c45214
_d45214